00332nam a2200121Ia 4500008004100000020001400041050001500055100002100070245004100091260004100132300002400173650001300197150202s9999 xx 000 0 und d a345348109 aFIC bFIC  aShaara, Michael. 4aThe killer angels /cMichael Shaara. aNew York :bBallantine Books,c1974. a355 pages :c18 cm. aFiction.